CHEMICAL APPLICATIONS OF GROUP THEORY (Record no. 16407)
[ view plain ]
| 000 -LEADER | |
|---|---|
| fixed length control field | 00313nam a22001457a 4500 |
| 003 - CONTROL NUMBER IDENTIFIER | |
| control field | SGT |
| 020 ## - INTERNATIONAL STANDARD BOOK NUMBER | |
| International Standard Book Number | 9788126519255 |
| 082 ## - DEWEY DECIMAL CLASSIFICATION NUMBER | |
| Item number | COT |
| 100 ## - MAIN ENTRY--PERSONAL NAME | |
| Personal name | COTTON F. ALBERT |
| 245 ## - TITLE STATEMENT | |
| Title | CHEMICAL APPLICATIONS OF GROUP THEORY |
| 250 ## - EDITION STATEMENT | |
| Edition statement | 3RD |
| 260 ## - PUBLICATION, DISTRIBUTION, ETC. (IMPRINT) | |
| Name of publisher, distributor, etc | WILLEY INDIA |
| Year of Publication | 2017 |
| 300 ## - PAGE DESCRIPTION | |
| No. of Pages | 461 |
| 942 ## - ADDED ENTRY ELEMENTS (KOHA) | |
| Source of classification or shelving scheme | Dewey Decimal Classification |
| Koha item type | Books |
| 942 ## - ADDED ENTRY ELEMENTS (KOHA) | |
| -- | 6 |
| Withdrawn status | Lost status | Source of classification or shelving scheme | Damaged status | Not for loan | Collection code | Home library | Current library | Shelving location | Date acquired | Vendor Name | Cost, normal purchase price | SGTU | Bill Number | Total Checkouts | Full call number | Accession No. (Barcode) | Date last seen | Bill Date | Koha item type | Date last borrowed |
|---|---|---|---|---|---|---|---|---|---|---|---|---|---|---|---|---|---|---|---|---|
| Dewey Decimal Classification | SCIENCE | SGT Science & Social Sciences Library | SGT Science & Social Sciences Library | Text Book | 27/12/2018 | AHUJA BOOK | 649.00 | SGTU | 10393 | COT | PS5296 | 27/12/2018 | 27/12/2018 | Books | ||||||
| Dewey Decimal Classification | SCIENCE | SGT Science & Social Sciences Library | SGT Science & Social Sciences Library | Text Book | 27/12/2018 | AHUJA BOOK | 649.00 | SGTU | 10393 | 1 | COT | PS5297 | 17/02/2020 | 27/12/2018 | Books | 17/02/2020 | ||||
| Dewey Decimal Classification | SCIENCE | SGT Science & Social Sciences Library | SGT Science & Social Sciences Library | Text Book | 27/12/2018 | AHUJA BOOK | 649.00 | SGTU | 10393 | COT | PS5298 | 27/12/2018 | 27/12/2018 | Books | ||||||
| Dewey Decimal Classification | SCIENCE | SGT Science & Social Sciences Library | SGT Science & Social Sciences Library | Text Book | 27/12/2018 | AHUJA BOOK | 649.00 | SGTU | 10393 | 5 | COT | PS5299 | 27/09/2022 | 27/12/2018 | Books | 27/09/2022 | ||||
| Dewey Decimal Classification | SCIENCE | SGT Science & Social Sciences Library | SGT Science & Social Sciences Library | Text Book | 27/12/2018 | AHUJA BOOK | 649.00 | SGTU | 10393 | 1 | COT | PS5300 | 02/09/2022 | 27/12/2018 | Books | 12/08/2022 |